|
|
|
|
| LEADER |
01385nam a2200373Ia 4500 |
| 001 |
EBC166820 |
| 003 |
MiAaPQ |
| 005 |
20200520144314.0 |
| 006 |
m o d | |
| 007 |
cr cn||||||||| |
| 008 |
951003s1996 enk sb 001 0 eng d |
| 010 |
|
|
|z 95025780
|
| 020 |
|
|
|z 0203430190
|
| 020 |
|
|
|z 0415118182
|
| 020 |
|
|
|z 0415118190 (pbk.)
|
| 035 |
|
|
|a (MiAaPQ)EBC166820
|
| 035 |
|
|
|a (Au-PeEL)EBL166820
|
| 035 |
|
|
|a (CaPaEBR)ebr10057608
|
| 035 |
|
|
|a (CaONFJC)MIL32073
|
| 035 |
|
|
|a (OCoLC)52568778
|
| 040 |
|
|
|a MiAaPQ
|c MiAaPQ
|d MiAaPQ
|
| 050 |
|
4 |
|a HB3717 1929
|b .R658 1996
|
| 100 |
1 |
|
|a Rothermund, Dietmar,
|d 1933-
|
| 245 |
1 |
4 |
|a The global impact of the Great Depression, 1929-1939
|h [electronic resource] /
|c Dietmar Rothermund.
|
| 260 |
|
|
|a London ;
|a New York :
|b Routledge,
|c 1996.
|
| 300 |
|
|
|a xi, 180 p.
|
| 504 |
|
|
|a Includes bibliographical references (p. 164-175) and index.
|
| 533 |
|
|
|a Electronic reproduction. Ann Arbor, MI : ProQuest, 2015. Available via World Wide Web. Access may be limited to ProQuest affiliated libraries.
|
| 650 |
|
0 |
|a Depressions
|y 1929
|z Developing countries.
|
| 650 |
|
0 |
|a Economic history
|y 1918-1945.
|
| 651 |
|
0 |
|a Developing countries
|x Economic conditions.
|
| 655 |
|
4 |
|a Electronic books.
|
| 710 |
2 |
|
|a ProQuest (Firm)
|
| 856 |
4 |
0 |
|u https://ebookcentral.proquest.com/lib/matrademy/detail.action?docID=166820
|z Click to View
|